All Stevie Wonder Songs - Statistics

General Stats
  • This quiz has been taken 145 times
    140 since last reset
  • The average score is 44 of 343
Answer Stats
Album Song % Correct
Talking Book Superstition
80%
Songs in the Key of Life Sir Duke
79%
Songs in the Key of Life Isn't She Lovely
76%
My Cherie Amour My Cherie Amour
74%
Songs in the Key of Life As
73%
For Once in My Life For Once in My Life
67%
Songs in the Key of Life I Wish
65%
The Woman in Red I Just Called to Say I Love You
59%
Innervisions Living for the City
53%
Innervisions Don't You Worry 'bout a Thing
52%
Songs in the Key of Life Pastime Paradise
52%
Signed, Sealed & Delivered Signed, Sealed, Delivered I'm Yours
52%
I Was Made to Love Her I Was Made to Love Her
49%
Up-Tight Uptight (Everything's Alright)
49%
Innervisions Higher Ground
48%
Songs in the Key of Life Love's in Need of Love Today
47%
Talking Book You Are the Sunshine of My Life
46%
Innervisions Golden Lady
45%
Hotter than July Happy Birthday
45%
Songs in the Key of Life Saturn
45%
Songs in the Key of Life Village Ghetto Land
42%
Songs in the Key of Life Another Star
41%
Songs in the Key of Life Contusion
41%
Songs in the Key of Life Black Man
40%
Hotter than July Master Blaster (Jammin')
40%
Songs in the Key of Life Ebony Eyes
38%
Songs in the Key of Life Knocks Me Off My Feet
38%
Music of My Mind Superwoman (Where Were You When I Needed You)
38%
The Jazz Soul of Little Stevie Fingertips
36%
Songs in the Key of Life Summer Soft
36%
Innervisions Too High
36%
Jungle Fever Jungle Fever
34%
In Square Circle Part-Time Lover
34%
Innervisions Visions
34%
Songs in the Key of Life Have a Talk with God
33%
Innervisions He's Misstra Know-It-All
32%
Hotter than July Lately
32%
Talking Book Maybe Your Baby
32%
Songs in the Key of Life If It's Magic
31%
Songs in the Key of Life Joy Inside My Tears
31%
Signed, Sealed & Delivered Joy (Takes Over Me)
31%
Songs in the Key of Life Ordinary Pain
31%
In Square Circle Overjoyed
31%
Fulfillingness' First Finale Boogie On Reggae Woman
29%
Someday at Christmas Someday at Christmas
29%
Hotter than July All I Do
28%
Talking Book You and I (We Can Conquer the World)
28%
A Time to Love A Time to Love
27%
Talking Book Big Brother
27%
Innervisions Jesus Children of America
27%
Talking Book Tuesday Heartbreak
27%
Signed, Sealed & Delivered We Can Work It Out
26%
Fulfillingness' First Finale You Haven't Done Nothin'
26%
Talking Book Blame It on the Sun
25%
Stevie Wonder's Original Musiquarium I Do I Do
25%
Down to Earth Down to Earth
25%
Talking Book I Believe (When I Fall in Love It Will Be Forever)
25%
Songs in the Key of Life Ngiculela - Es Una Historia - I Am Singing
25%
With a Song in My Heart With a Song in My Heart
25%
Hotter than July Rocket Love
24%
Innervisions All in Love Is Fair
22%
Songs in the Key of Life Easy Goin' Evening (My Mama's Call)
22%
Song Review: A Greatest Hits Collection Ebony and Ivory
22%
Natural Wonder Ribbon in the Sky
22%
The Woman in Red The Woman in Red
22%
Fulfillingness' First Finale They Won't Go When I Go
22%
Songs in the Key of Life All Day Sucker
21%
Fulfillingness' First Finale Heaven Is 10 Zillion Light Years Away
20%
My Cherie Amour Yester-Me, Yester-You, Yesterday
20%
Down to Earth A Place in the Sun
19%
Fulfillingness' First Finale Creepin'
19%
Music of My Mind Evil
19%
Stevie Wonder's Journey Through "The Secret Life of Plants" Send One Your Love
19%
Stevie Wonder's Journey Through "The Secret Life of Plants" Send One Your Love (Music)
19%
Conversation Peace Conversation Peace
18%
Hotter than July I Ain't Gonna Stand for It
18%
With a Song in My Heart Smile
18%
Fulfillingness' First Finale Smile Please
18%
Where I'm Coming From If You Really Love Me
16%
Music of My Mind Keep On Running
16%
Stevie Wonder's Journey Through "The Secret Life of Plants" The Secret Life of Plants
16%
Talking Book You've Got It Bad Girl
16%
Fulfillingness' First Finale Bird of Beauty
15%
Hotter than July Did I Hear You Say You Love Me
15%
Music of My Mind Happier Than the Morning Sun
15%
Talking Book Lookin' for Another Pure Love
15%
Music of My Mind Love Having You Around
15%
Fulfillingness' First Finale Please Don't Go
15%
Stevie Wonder's Journey Through "The Secret Life of Plants" Black Orchid
14%
Hotter than July Cash in Your Face
14%
Sing: Original Motion Picture Soundtrack Faith
14%
Conversation Peace For Your Love
14%
Signed, Sealed & Delivered Never Had a Dream Come True
14%
Stevie Wonder's Journey Through "The Secret Life of Plants" Power Flower
14%
Fulfillingness' First Finale Too Shy to Say
14%
Hotter than July Do Like You
13%
Music of My Mind Girl Blue
13%
Music of My Mind I Love Every Little Thing About You
13%
Fulfillingness' First Finale It Ain't No Use
13%
Music of My Mind Seems So Long
13%
Stevie Wonder's Original Musiquarium I That Girl
13%
Someday at Christmas What Christmas Means to Me
13%
In Square Circle Whereabouts
13%
Up-Tight Blowin' in the Wind
12%
Characters Skeletons
12%
My Cherie Amour At Last
11%
The Woman in Red Don't Drive Drunk
11%
Characters Get It
11%
In Square Circle It's Wrong (Apartheid)
11%
Where I'm Coming From Never Dreamed You'd Leave in Summer
11%
Stevie Wonder's Journey Through "The Secret Life of Plants" Outside My Window
11%
For Once in My Life Sunny
11%
Music of My Mind Sweet Little Girl
11%
Stevie Wonder's Journey Through "The Secret Life of Plants" Voyage to India
11%
Stevie Wonder's Journey Through "The Secret Life of Plants" A Seed's a Star/Tree Medley
9%
Hotter than July As If You Read My Mind
9%
Signed, Sealed & Delivered Heaven Help Us All
9%
Stevie Wonder's Journey Through "The Secret Life of Plants" Race Babbling
9%
For Once in My Life Shoo-Be-Doo-Be-Doo-Da-Day
9%
Where I'm Coming From Think of Me as Your Soldier
9%
Stevie Wonder's Journey Through "The Secret Life of Plants" Tree
9%
Eivets Rednow Alfie
8%
My Cherie Amour Angie Girl
8%
Someday at Christmas Ave Maria
8%
Stevie Wonder's Journey Through "The Secret Life of Plants" Come Back as a Flower
8%
Characters Free
8%
Stevie Wonder's Original Musiquarium I Front Line
8%
Down to Earth Hey Love
8%
In Square Circle I Love You Too Much
8%
Looking Back I'm Wondering
8%
Where I'm Coming From I Wanna Talk to You
8%
In Square Circle Land of La La
8%
In Square Circle Spiritual Walkers
8%
In Square Circle Stranger on the Shore of Love
8%
Where I'm Coming From Sunshine in Their Eyes
8%
Where I'm Coming From Take Up a Course in Happiness
8%
Jungle Fever These Three Words
8%
Characters You Will Know
8%
Jungle Fever Fun Day
7%
For Once in My Life God Bless the Child
7%
In Square Circle Go Home
7%
Tribute to Uncle Ray Hallelujah I Love Her So
7%
My Cherie Amour Hello, Young Lovers
7%
Jungle Fever I Go Sailing
7%
The Woman in Red It's You
7%
Stevie Wonder's Journey Through "The Secret Life of Plants" Seasons
7%
Where I'm Coming From Something Out of the Blue
7%
A Time to Love So What the Fuss
7%
Someday at Christmas The Little Drummer Boy
7%
My Cherie Amour You and Me
7%
Someday at Christmas Bedtime for Toys
6%
Single #9 Can't Put It in the Hands of Fate
6%
Stevie at the Beach Castles in the Sand
6%
Stevie at the Beach Castles in the Sand (Instrumental)
6%
For Once in My Life Do I Love Her
6%
With a Song in My Heart Dream
6%
Stevie Wonder's Journey Through "The Secret Life of Plants" Earth's Creation
6%
I Was Made to Love Her Every Time I See You I Go Wild
6%
A Time to Love How Will I Know
6%
For Once in My Life I'd Be a Fool Right Now
6%
Jungle Fever If She Breaks Your Heart
6%
Jungle Fever Lighting Up the Candles
6%
Jungle Fever Make Sure You're Sure
6%
A Time to Love Moon Blue
6%
Down to Earth Mr. Tambourine Man
6%
I Was Made to Love Her My Girl
6%
In Square Circle Never in Your Sun
6%
Up-Tight Nothing's Too Good for My Baby
6%
A Time to Love Passionate Raindrops
6%
My Cherie Amour Pearl
6%
I Was Made to Love Her Please, Please, Please
6%
Up-Tight Pretty Little Angel
6%
Stevie Wonder's Journey Through "The Secret Life of Plants" Same Old Story
6%
Natural Wonder Stay Gold
6%
Signed, Sealed & Delivered Sugar
6%
A Time to Love Sweetest Somebody I Know
6%
Down to Earth Sylvia
6%
Someday at Christmas The Christmas Song
6%
Stevie Wonder's Journey Through "The Secret Life of Plants" Venus' Flytrap and the Bug
6%
The Woman in Red Weaknes
6%
Up-Tight With a Child's Heart
6%
Characters With Each Beat of My Heart
6%
Looking Back Workout Stevie, Workout
6%
Eivets Rednow A House Is Not a Home
5%
Stevie Wonder's Journey Through "The Secret Life of Plants" Ai No, Sono
5%
Down to Earth Angel Baby (Don't You Ever Leave Me)
5%
Someday at Christmas A Warm Little Home on a Hill
5%
Down to Earth Be Cool, Be Calm (And Keep Yourself Together)
5%
Live at the Talk of the Town Bridge over Troubled Water
5%
Eivets Rednow Bye Bye World
5%
I Was Made to Love Her Can I Get a Witness
5%
Jungle Fever Chemical Love
5%
Someday at Christmas Christmastime
5%
Conversation Peace Cold Chill
5%
Signed, Sealed & Delivered Don't Wonder Why
5%
Where I'm Coming From Do Yourself a Favor
5%
Jungle Fever Each Other's Throat
5%
Stevie at the Beach Ebb Tide
5%
Stevie Wonder's Journey Through "The Secret Life of Plants" Ecclesiastes
5%
Stevie Wonder's Journey Through "The Secret Life of Plants" Finale
5%
A Time to Love From the Bottom of My Heart
5%
Characters Galaxy Paradise
5%
My Cherie Amour Give Your Love
5%
Jungle Fever Gotta Have You
5%
Eivets Rednow Grazin' in the Grass
5%
Stevie at the Beach Happy Street
5%
I Was Made to Love Her I'd Cry
5%
For Once in My Life I Don't Know Why
5%
Recorded Live: The 12 Year Old Genius (I'm Afraid) The Masquerade Is Over
5%
Conversation Peace I'm New
5%
Stevie Wonder Live Intro/Pretty World
5%
Characters In Your Corner
5%
The Woman in Red It's More Than You
5%
Stevie Wonder's Journey Through "The Secret Life of Plants" Kesse Ye Lolo De Ye
5%
My Cherie Amour Light My Fire
5%
Where I'm Coming From Look Around
5%
Up-Tight Love a Go Go
5%
The Woman in Red Love Light in Flight
5%
Eivets Rednow Medley: Never My Love/Ask the Lonely
5%
The Woman in Red Moments Aren't Moments
5%
Eivets Rednow More than a Dream
5%
Characters My Eyes Don't Cry
5%
A Time to Love My Love Is on Fire
5%
Someday at Christmas One Little Christmas Tree
5%
A Time to Love Please Don't Hurt My Baby
5%
Jungle Fever Queen in the Back
5%
Stevie at the Beach Red Sails in the Sunset
5%
I Was Made to Love Her Respect
5%
Eivets Rednow Ruby
5%
Stevie at the Beach Sad Boy
5%
A Time to Love Shelter in the Rain
5%
Someday at Christmas Silver Bells
5%
The Jazz Soul of Little Stevie Soul Bongo
5%
Someday at Christmas The Day That Love Began
5%
Stevie Wonder's Journey Through "The Secret Life of Plants" The First Garden
5%
For Once in My Life The House on the Hill
5%
My Cherie Amour The Shadow of Your Smile
5%
Conversation Peace Tomorrow Robins Will Sing
5%
Looking Back Travelin' Man
5%
A Time to Love True Love
5%
Mulan: An Original Walt Disney Records Soundtrack True to Your Heart
5%
Someday at Christmas Twinkle Twinkle Little Me
5%
Looking Back Until You Come Back to Me (That's What I'm Gonna Do)
5%
With a Song in My Heart When You Wish Upon a Star
5%
Single #8 Where Is Our Love
5%
The Jazz Soul of Little Stevie Wondering
5%
I Was Made to Love Her A Fool for You
4%
For Once in My Life Ain't No Lovin'
4%
Up-Tight Ain't That Asking for Trouble
4%
Tribute to Uncle Ray Ain't That Love
4%
Change Is Now: Renewing America's Promise All About the Love Again
4%
Signed, Sealed & Delivered Anything You Want Me to Do
4%
I Was Made to Love Her Baby Don't You Do It
4%
The Jazz Soul of Little Stevie Bam
4%
Down to Earth Bang Bang
4%
Stevie at the Beach Beachstomp
4%
Stevie at the Beach Beyond the Sea
4%
Stevie Wonder Live By the Time I Get to Phoenix
4%
A Time to Love Can't Imagine Love Without You
4%
Stevie Wonder Live Ca' Purange
4%
Tribute to Uncle Ray Come Back Baby
4%
Characters Come Let Me Make Your Love Come Down
4%
Up-Tight Contract on Love
4%
Characters Cryin' Through the Night
4%
Natural Wonder Dancing to the Rhythm
4%
Characters Dark 'n' Lovely
4%
Tribute to Uncle Ray Don't You Know
4%
Tribute to Uncle Ray Drown in My Own Tears
4%
Conversation Peace Edge of Eternity
4%
I Was Made to Love Her Everybody Needs Somebody (I Need You)
4%
Stevie Wonder Live Everybody's Talkin'
4%
Someday at Christmas Everyone's a Kid at Christmas
4%
Tribute to Uncle Ray Frankie & Johnny
4%
With a Song in My Heart Get Happy
4%
With a Song in My Heart Give Your Heart a Chance
4%
Stevie at the Beach Hey Harmonica Man
4%
Up-Tight Hold Me
4%
Eivets Rednow How Can You Believe
4%
Signed, Sealed & Delivered I Can't Let My Heaven Walk Away
4%
A Time to Love If Your Love Cannot Be Moved
4%
Signed, Sealed & Delivered I Gotta Have a Song
4%
For Once in My Life I'm More Than Happy (I'm Satisfied)
4%
I Was Made to Love Her I Pity the Fool
4%
Stevie Wonder Live I've Gotta Be Me/Once in a Lifetime
4%
My Cherie Amour I've Got You
4%
For Once in My Life I Wanna Make Her Love Me
4%
Up-Tight I Want My Baby Back
4%
Song Review: A Greatest Hits Collection Kiss Lonely Good-Bye
4%
Recorded Live: The 12 Year Old Genius La La La La La
4%
Stevie Wonder Live Love Theme from Romeo and Juliet (A Time for Us)
4%
With a Song in My Heart Make Someone Happy
4%
The Jazz Soul of Little Stevie Manhattan at Six
4%
Tribute to Uncle Ray Mary Ann
4%
Natural Wonder Ms. & Mr. Little Ones
4%
Up-Tight Music Talk
4%
Tribute to Uncle Ray My Baby's Gone
4%
Conversation Peace My Love Is with You
4%
Down to Earth My World Is Empty Without You
4%
Characters One of a Kind
4%
With a Song in My Heart On the Sunny Side of the Street
4%
The Jazz Soul of Little Stevie Paulsby
4%
A Time to Love Positivity
4%
With a Song in My Heart Put on a Happy Face
4%
Conversation Peace Rain Your Love Down
4%
I Was Made to Love Her Send Me Some Lovin'
4%
Conversation Peace Sensuous Whisper
4%
The Jazz Soul of Little Stevie Session Number 112
4%
Down to Earth Sixteen Tons
4%
My Cherie Amour Somebody Knows, Somebody Cares
4%
The Jazz Soul of Little Stevie Some Other Time
4%
Signed, Sealed & Delivered Something to Say
4%
Conversation Peace Sorry
4%
Tribute to Uncle Ray Sunset
4%
Conversation Peace Take the Time Out
4%
Up-Tight Teach Me Tonight
4%
A Time to Love Tell Your Heart I Love You
4%
Looking Back Thank You (For Loving Me All the Way)
4%
Stevie at the Beach The Beachcomber
4%
Down to Earth The Lonesome Road
4%
Tribute to Uncle Ray The Masquerade
4%
Someday at Christmas The Miracles of Christmas
4%
Stevie at the Beach The Party at the Beach House
4%
The Jazz Soul of Little Stevie The Square
4%
Conversation Peace Treat Myself
4%
Eivets Rednow Which Way the Wind
4%
With a Song in My Heart Without a Song
4%
Signed, Sealed & Delivered You Can't Judge a Book By Its Cover
4%
For Once in My Life You Met Your Match
4%
Live at the Talk of the Town Drum Solo
2%
Recorded Live: The 12 Year Old Genius Hi-Heel Sneakers
2%
Song Review: A Greatest Hits Collection Hold On to Your Dream
2%
Looking Back If I Ruled the World
2%
Single #7 Real Love
2%
Song Review: A Greatest Hits Collection Redemption Song
2%
Natural Wonder Stevie Ray Blues
2%
Conversation Peace Taboo to Love
2%
Down to Earth Thank You Love
2%
Single I Call It Pretty Music but the Old People Call It the Blues - Part 1
1%
Single #6 Keep Our Love Alive
1%
Single #3 Kiss Me Baby
1%
Single #2 Little Water Boy
1%
Single #4 Pops, We Love You (A Tribute to Father)
1%
Single #5 Used to Be
1%
No matching quizzes found
Score Distribution
Percent of People with Each Score
Percentile by Number Answered
Your Score History
You have not taken this quiz since the last reset